| 000 | 00801nam a2200241Ia 4500 | ||
|---|---|---|---|
| 005 | 20150319130633.0 | ||
| 008 | 130821s2012 xxu gr eng | ||
| 020 | _a205060617 | ||
| 020 | _a9780205060610 | ||
| 040 |
_aCO-BoUCM _bspa _cJose A. Gerena (modificó) _d[Nuevo] |
||
| 041 | 0 | 0 | _aeng |
| 100 | 1 |
_aOatley, Thomas H. _d1962- _951327 |
|
| 245 | 1 | 0 |
_aDebates in international political economy _cThomas Oatley. |
| 250 | _a2a ed | ||
| 260 |
_aBoston (Massachusetts, Estados Unidos) _bLongman _c2012 |
||
| 300 | _axiv, 382 páginas | ||
| 650 | 0 | 7 |
_aEconomía internacional _926482 |
| 650 | 0 | 7 |
_aFinanzas internacionales _915897 |
| 650 | 0 | 7 |
_aGlobalización _916458 |
| 690 |
_942797 _aEconomía internacional |
||
| 942 |
_cLIBRO _a7 _e2 _mO119d _2DEWEY _h337 |
||
| 999 |
_c37529 _d37529 |
||